000 00615nam a2200253Ia 4500
005 20260121161054.0
008 008 260114s9999 xx 000 0 eng d
020 _a9781315028231
037 _aEBOOK
040 _aCRL
040 _beng
040 _cCRL
041 _2eng
041 _aeng
084 _qCRL
100 _a Marjorie Dryburgh
_91039857
245 0 _aNorth China and Japanese Expansion 1933-1937
260 _bTaylor and Francis
260 _c2000
856 _uhttp://www.taylorfrancis.com/books/9781315028231
942 _cEBOOK
999 _c1606673
_d1606673